Scottish short form arbitration rules 2012 (Record no. 115695)
[ view plain ]
| 000 -LEADER | |
|---|---|
| fixed length control field | 01445cad a22002535a 4500 |
| 001 - CONTROL NUMBER | |
| control field | E159135 |
| 008 - FIXED-LENGTH DATA ELEMENTS--GENERAL INFORMATION | |
| fixed length control field | 080801s2012 stk f 000 0 eng d |
| 035 ## - SYSTEM CONTROL NUMBER | |
| System control number | (Sirsi) u159135 |
| 041 0# - LANGUAGE CODE | |
| Language code of text/sound track or separate title | eng |
| 110 2# - MAIN ENTRY--CORPORATE NAME | |
| Corporate name or jurisdiction name as entry element | Chartered Institute of Arbitrators |
| Subordinate unit | Scottish Branch |
| 9 (RLIN) | 3828 |
| 245 00 - TITLE STATEMENT | |
| Title | Scottish short form arbitration rules 2012 |
| Medium | [electronic resource] |
| 260 ## - PUBLICATION, DISTRIBUTION, ETC. | |
| Place of publication, distribution, etc. | [S.l.] |
| Name of publisher, distributor, etc. | Chartered Institute of Arbitrators, Scottish Branch |
| Date of publication, distribution, etc. | 2012 |
| 505 2# - FORMATTED CONTENTS NOTE | |
| Formatted contents note | Introduction -- Commencement of the arbitration -- Appointment of arbitrator -- Conduct of proceedings -- The award -- Arbitration expenses -- Interest -- Appendix |
| 520 ## - SUMMARY, ETC. | |
| Summary, etc. | Provides a fast track route to obtaining a binding decision from an arbitrator with limited recourse to the courts. These rules are designed to cover disputes up to £25,000 (plus VAT). They can be used for larger amounts by agreement of the parties. Effective 15 November 2012. |
| 521 ## - TARGET AUDIENCE NOTE | |
| Target audience note | Advanced |
| 590 ## - LOCAL NOTE (RLIN) | |
| Local note | KA |
| 650 24 - SUBJECT ADDED ENTRY--TOPICAL TERM | |
| Topical term or geographic name entry element | ARBITRATION RULES |
| 650 24 - SUBJECT ADDED ENTRY--TOPICAL TERM | |
| Topical term or geographic name entry element | ARBITRATION (SCOTLAND) ACT 2010 |
| 651 #4 - SUBJECT ADDED ENTRY--GEOGRAPHIC NAME | |
| Geographic name | Scotland |
| Chronological subdivision | 1999- |
| 690 ## - LOCAL SUBJECT ADDED ENTRY--TOPICAL TERM (OCLC, RLIN) | |
| Topical term or geographic name as entry element | MANAGEMENT-DISPUTE AVOIDANCE, MANAGEMENT AND RESOLUTION-DISPUTE MANAGEMENT AND RESOLUTION-ARBITRATION |
| 690 ## - LOCAL SUBJECT ADDED ENTRY--TOPICAL TERM (OCLC, RLIN) | |
| Topical term or geographic name as entry element | Dispute resolution |
| 9 (RLIN) | 6236 |
| 856 40 - ELECTRONIC LOCATION AND ACCESS | |
| Uniform Resource Identifier | <a href="https://www.ciarb.org/docs/default-source/scotland/scottish-short-form-arbitration-rules-%28ciarb%29-2012.pdf?sfvrsn=2">https://www.ciarb.org/docs/default-source/scotland/scottish-short-form-arbitration-rules-%28ciarb%29-2012.pdf?sfvrsn=2</a> |
| Public note | View the code free of charge at /www.ciarb.org/branches/great-britain/scotland |
| 942 ## - ADDED ENTRY ELEMENTS (KOHA) | |
| Suppress in OPAC | 0 |
| Withdrawn status | Lost status | Source of classification or shelving scheme | Damaged status | Not for loan | Home library | Current library | Shelving location | Date acquired | Total Checkouts | Full call number | Barcode | Date last seen | Copy number | Price effective from | Koha item type |
|---|---|---|---|---|---|---|---|---|---|---|---|---|---|---|---|
| Dewey Decimal Classification | Virtual | Virtual | Online | 08/02/2016 | ONLINE PUBLICATION | 159135-2001 | 06/08/2019 | 1 | 06/08/2019 | Book |